Miloš Jiránek : zápas o moderní malbu : 1875-1911 /

Hlavní autor: Winter, Tomáš, 1974-
Korporativní autor: Galerie výtvarného umění (Cheb, Česko)
Další autoři: Jiránek, Miloš, 1875-1911, Galerie moderního umění (Roudnice nad Labem, Česko)
Jazyk: Čeština
Vydáno: V Chebu : V Řevnicích : Galerie výtvarného umění ;Arbor vitae, 2012
Vydání: Vyd. 1.
Témata:
Externí odkaz: Digitalizovaný dokument
Fyzický popis: 191 s. : il. (převážně barev.), portréty ; 23 cm
Language note: Anglické resumé
Knihy
Uloženo v:
LEADER 02592nam a2200625 a 4500
001 nkc20122360083
003 CZ PrNK
005 20200702235008.0
007 ta
008 120710s2012 xr ac f c 001 0dcze
015 |a cnb002360083 
020 |a 978-80-87395-02-8  |q (GVU v Chebu ;  |q váz.) 
020 |a 978-80-87164-98-3  |q (Arbor vitae ;  |q váz.) 
035 |a (OCoLC)815375976 
040 |a ABA001  |b cze 
041 0 |a cze  |b eng 
043 |a e-xr--- 
045 |a w9x1 
072 7 |a 75  |x Malířství  |2 Konspekt  |9 21 
080 |a 75(437.3)  |2 MRF 
080 |a 75.036/.038  |2 MRF 
080 |a (437.3)  |2 MRF 
080 |a (083.824)  |2 MRF 
080 |a (048.8)  |2 MRF 
100 1 |a Winter, Tomáš,  |d 1974-  |7 xx0009383  |4 aut 
245 1 0 |a Miloš Jiránek :  |b zápas o moderní malbu : 1875-1911 /  |c Tomáš Winter 
246 3 0 |a Zápas o moderní malbu 
250 |a Vyd. 1. 
260 |a V Chebu :  |b Galerie výtvarného umění ;  |a V Řevnicích :  |b Arbor vitae,  |c 2012 
300 |a 191 s. :  |b il. (převážně barev.), portréty ;  |c 23 cm 
500 |a Vydáno u příležitosti stejnojmenné výstavy konané v Galerii výtvarného umění v Chebu od 5. dubna do 17. června 2012 a v Galerii moderního umění v Roudnici nad Labem od 28. června do 19. září 2012 
500 |a Přehled výstav 
504 |a Obsahuje bibliografii, bibliografické odkazy a rejstřík 
546 |a Anglické resumé 
600 1 7 |a Jiránek, Miloš,  |d 1875-1911  |7 jk01051807  |2 czenas 
648 4 |a 1892-1911 
648 7 |a 19.-20. století  |7 ch757015  |2 czenas 
650 0 7 |a české malířství  |7 ph116864  |y 19.-20. století  |2 czenas 
650 0 7 |a moderní malířství  |7 ph122940  |z Česko  |2 czenas 
650 0 9 |a Czech painting  |y 19th-20th centuries  |2 eczenas 
650 0 9 |a modern painting  |z Czechia  |2 eczenas 
655 7 |a katalogy výstav  |7 fd132536  |2 czenas 
655 7 |a monografie  |7 fd132842  |2 czenas 
655 9 |a exhibition catalogs  |2 eczenas 
655 9 |a monographs  |2 eczenas 
700 1 |a Jiránek, Miloš,  |d 1875-1911  |7 jk01051807  |4 art  |4 ill 
710 2 |a Galerie výtvarného umění (Cheb, Česko)  |7 mzk2007378287 
710 2 |a Galerie moderního umění (Roudnice nad Labem, Česko)  |7 kn20010709267 
856 4 1 |u http://www.digitalniknihovna.cz/mzk/uuid/uuid:b01d6e00-b455-11ea-b68c-005056827e52  |y Digitalizovaný dokument  |x NDK 
910 2 |a BOA001  |b 2-1290.211 
928 9 |a Galerie výtvarného umění v Chebu 
990 |a BK 
995 |a 01 
991 |b 201209  |c NOV  |e n 
996 6 |b 2610519125  |c 2-1290.211  |l MZK  |r Sklad / do 1 hodiny  |n 4  |p p.v.  |w 001272400  |u 000010  |a 1  |e BOA001  |j MZK50  |s P